00645nam a2200169Ia 4500003000900000008004100009040001600050080001600066100002300082245020500105260004900310300001000359650004100369650002200410650002200432700002100454IN-BaIIA211028s9999 xx 000 0 eng d cIIA Library a083:52bCIA aCiardullo, Robin B 0aTables of Isochrones Constructed from Theoretical Tracks of Stellar Evolution for Ages Between 200 and 25000 Million YeacRobin B Ciardullo and Pierre Demarque  aNew HavenbYale University Observatoryc1977 a552p. aAstronomy and Astrophysics Thesaurus aIsochrones-Tables aTables-Isochrones aDemarque, Pierre